000 00592nam a2200241 a 4500
001 nice12345678
003 IN_TiNIC
005 20260116011431.0
008 050524s0000 amra grp 000 0 urd
020 _a
_c100
082 0 0 _a297.5
_bKHA
100 _aKhan, Mirza Sultan Ahmed
245 _aAsasul Akhlaaq
260 _aAmritsar
_bRose Bazar Steam Press
_c0000
300 _a743p
500 _aincludes index and biblioraphy
505 2 _aAppendix
650 _aIslam-Moral Theology
700 1 _aKhan, Mirza Sultan Ahmed
902 _bSRS
942 _cBK
999 _c1498
_d1498